Lanean...
Ammini
| Egile nagusia: | |
|---|---|
| Beste egile batzuk: | |
| Formatua: | Printed Book |
| Argitaratua: |
Trichur;
Kerala Sahitya Akademi;
1979
|
| Gaiak: |
| LEADER | 00496nam a22001457a 4500 | ||
|---|---|---|---|
| 082 | |a 823 |b URO/A L9 | ||
| 100 | |a Uroob |9 316384 | ||
| 245 | |a Ammini | ||
| 260 | |a Trichur; |b Kerala Sahitya Akademi; |c 1979 | ||
| 300 | |a 274p. | ||
| 650 | |a Fiction; English Literature |9 316385 | ||
| 700 | |a Suheela Misra (Tr.) |9 316386 | ||
| 942 | |c BK | ||
| 999 | |c 72297 |d 72297 | ||
| 952 | |0 0 |1 0 |4 0 |6 823_000000000000000_URO_A_L9 |7 0 |8 ENGF |9 85374 |a MAL |b MAL |d 2017-01-11 |e 29929 |g 12.50 |l 0 |o 823 URO/A L9 |p MAL029929 |r 2017-01-11 |t 1 |w 2017-01-11 |y BK | ||